000 00319nam a2200133 i 4500
001 bg
100 1 _aSKINNER, Burrhus F.
245 0 _aPoza wolnością i godnością /
_cBurrhus F. Skinner.
260 _aWarszawa,
_c1978.
040 _cBPK
041 _apol
942 _cKS
008 s pl f |000 0 pol
999 _c9524
_d9524
856 _uhttp://koha.tu.koszalin.pl/cgi-bin/koha/opac-detail.pl?biblionumber=9524
_yKatalog online BPK